01155cam a2200289 a 45000010008000000030004000080050017000120080041000290100017000700200023000870400018001100500022001280820023001501100041001732450049002142600048002633000029003114400044003405000089003845000028004735000075005015040041005765050177006176500025007946500025008196500021008442045469OSt20230619152905.0921218m19929999nyu b i000 0 eng  a 92250919  a9211613477 (pt. 1) aDLCcDLCdDLC00aHA31.2b.U53 199200a304.6/0723220bUN2 aUnited Nations.bStatistical Office.10aHandbook of population and housing censuses. aNew York :bUnited Nations,c<1992-1996 > av. <1-2, 4 > ;c28 cm. 0aStudies in methods.nSeries F ;vno. 54 aAt head of title: Department of Economic and Social Development, Statistical Office. a"ST/ESA/STAT/SER.F/54." a"United Nations publication sales no. E.92.XVII.8"--Pt. 1, t.p. verso. aIncludes bibliographical references.1 apt. 1. Planning, organization, and administration of population and housing censuses -- pt. 2. Demographic and social characteristics -- pt. 4. Economic activity status. 0aCensusxMethodology. 0aDemographic surveys. 0aHousing surveys.